England goes to press ; the English people's opinion on foreign affairs as reflected in their newspapers since Waterloo (1815-1937) /

Bibliographic Details
Main Author: Postgate, Raymond, 1896-1971
Other Authors: Vallance, Aylmer, 1892-1955
Format: Book
Language:English
Published: Indianapolis, New York : The Bobbs-Merrill company, [1937]
Subjects:

MARC

Tag First Indicator Second Indicator Subfields
LEADER 00000cam a2200000 4500
001 in00000068820
005 20151008050841.0
008 720823s1937 inu 00000 eng u
010 |a  37022080  
035 |a (OCoLC)00387522 
035 |9 AAG3803AM 
040 |c KSU  |d TXA  |d UtOrBLW 
049 |a TXAM  |c 1 [229750], 2 [A09014493] 
050 0 |a DA45  |b .P68 1937 
092 |a 327.42  |b P857e 
100 1 |a Postgate, Raymond,  |d 1896-1971. 
245 1 0 |a England goes to press ;  |b the English people's opinion on foreign affairs as reflected in their newspapers since Waterloo (1815-1937) /  |c by Raymond Postgate and Aylmer Vallance. 
264 1 |a Indianapolis,  |a New York :  |b The Bobbs-Merrill company,  |c [1937] 
264 4 |c [©1937] 
300 |a 337 pages ;  |c 23 cm. 
336 |a text  |b txt  |2 rdacontent 
337 |a unmediated  |b n  |2 rdamedia 
338 |a volume  |b nc  |2 rdacarrier 
500 |a "First edition." 
500 |a London edition (G. G. Harrap & co. ltd.) has title: Those foreigners. 
650 0 |a Public opinion  |z Great Britain. 
651 0 |a Great Britain  |x Foreign relations. 
700 1 |a Vallance, Aylmer,  |d 1892-1955. 
999 |a MARS 
999 f f |s b3512eb1-68ab-3bb0-a15b-0a4f603537fb  |i 921556e0-676c-3d30-a244-bb33d64e4f72  |t 0 
952 f f |p ric  |a Texas A&M University  |b Rellis Campus  |c Joint Library Facility  |s JLF  |d Remote Storage  |t 0  |e DA45 .P68 1937  |h Library of Congress classification  |i unmediated -- volume  |m A14809014493 
998 f f |a DA45 .P68 1937  |t 0  |l Remote Storage